Quality management : (Record no. 347636)

000 -LEADER
fixed length control field 01029 a2200193 4500
020 ## - INTERNATIONAL STANDARD BOOK NUMBER
International Standard Book Number 1556235402 (hardcover)
020 ## - INTERNATIONAL STANDARD BOOK NUMBER
International Standard Book Number 9781556235405 (hardcover)
082 04 - DEWEY DECIMAL CLASSIFICATION NUMBER
Classification number 658.4
090 ## - LOCALLY ASSIGNED LC-TYPE CALL NUMBER (OCLC); LOCAL CALL NUMBER (RLIN)
-- 5218
-- 5218
100 1# - MAIN ENTRY--PERSONAL NAME
Personal name Brocka, M.
245 10 - TITLE STATEMENT
Title Quality management :
Remainder of title implementing the best ideas of the masters /
Statement of responsibility, etc. M. Brocka, Bruce Brocka.
250 ## - EDITION STATEMENT
Edition statement 1st ed.
260 ## - PUBLICATION, DISTRIBUTION, ETC.
Place of publication, distribution, etc. [S.l.] :
Name of publisher, distributor, etc. McGraw-Hill,
Date of publication, distribution, etc. 1992.
300 ## - PHYSICAL DESCRIPTION
Extent 408 p. ;
Dimensions 24 cm.
520 ## - SUMMARY, ETC.
Summary, etc. This short course in quality assembles over 30 proven TQM strategies, 75 ideas to jumpstart and maintain a TQM campaign, new TQM tools that add value to products and services, plus a dozen managerial techniques to enhance productivity. You'll discover all the information you need to avoid roadblocks when beginning a TQM program as well as information you can use to expand your current TQM efforts for maximum profitability.
700 1# - ADDED ENTRY--PERSONAL NAME
Personal name Brocka, Bruce.
856 40 - ELECTRONIC LOCATION AND ACCESS
Materials specified Amazon.com
Uniform Resource Identifier <a href="http://www.amazon.com/exec/obidos/ASIN/1556235402/chopaconline-20">http://www.amazon.com/exec/obidos/ASIN/1556235402/chopaconline-20</a>
942 ## - ADDED ENTRY ELEMENTS (KOHA)
Institution code [OBSOLETE] NBS
Koha item type Book
Call number prefix 658.4 BRO
Holdings
Withdrawn status Lost status Damaged status Not for loan Permanent Location Current Location Date acquired Total Checkouts Full call number Barcode Date last seen Price effective from Koha item type
        Central Library (CL) Central Library (CL) 08/28/2013   658.4 BRO NBSD-562 08/28/2013 08/28/2013 Book
        Central Library (CL) Central Library (CL) 08/28/2013   658.4 BRO NBSD-543 08/28/2013 08/28/2013 Book
© 2023 Central Library, National University of Sciences and Technology. All Rights Reserved.